00599nam a2200205 a 4500001001300000003000900013005001700022008004100039020002700080082002000107100002100127245007300148260003300221300000900254500003500263505001000298650003300308650003100341700002100372nice12345678IN_TiNIC20260116013148.0050524s1994 newa grp 000 0 eng  a0883445 c1078.6500a277.280828bBER aBerryman, Philip aStubborn Hopeb Religion, Politics and Revolution in Central America aNew YorkbOrbis Books c1994 a276p aincludes index and biblioraphy2 aIndex aChristianity-Central America aChurch and Social Problems1 aBerryman, Philip